000 00689nam a2200193 i 4500
001 89710
003 ES-MaACL
005 20230906180242.0
007 t|
008 050112s1945 ag ||||1| spa d
100 1 _aLawrence, D.H. (
_d1885-1930)
_970743
245 1 0 _aCartas /
_cDavid Herbert Lawrence ; con una introducción de Aldous Huxley ; [traducción del inglés, Narciso Pousa].
260 _aBuenos Aires :
_bImán,
_c1945 (
_fUniverso)
300 _a2 v., 13 lám. ;
_c18 cm.
700 1 _aHuxley, Aldous,
_d1894-1963
_964858
700 1 _aPousa, Narciso.
_993471
852 _aES-MaACL
_jC-27735-36
_bR.57001
_z.- Donat. José Antonio Llardent
999 _c89710
_d89710